000 00497nam a2200193Ia 4500
005 20250603145604.0
008 250603s9999 xx 000 0 und d
020 _a9780071007931
050 _aTP 155.7 .L88/
100 _aLuyben William L.
245 0 _aProcess modeling, simulation and control for chemical engineers
250 _a2nd ed.
260 _aSingapore
260 _bMcGraw-Hill Publishing Company
260 _c2015
300 _a725 p
650 _aSingapore
942 _cBK
999 _c42288
_d42288